000
00286nam a22001337a 4500
008
170615b xxu||||| |||| 00| 0 eng d
020
_a
09345540209
041
_a
eng
080
_a
32
100
_a
19
101
_a
SHP
245
_a
HOW TO COMPARE NATIONS
_c
DOGAN,M
942
_2
udc
_c
BK
999
_c
17454
_d
17454